01515nam a2200421 i 450000100060000000300080000600500170001400600190003100700150005000800410006502000180010602000270012403500230015103500240017403500250019803500220022304000310024505000250027608000100030108200150031110000250032624500570035126400520040830000410046033600310050133700330053233800430056550400290060858801240063759001590076165000220092065000110094265000150095365500270096879700190099585600620101499900170107630106FlNmELB20241216220540.0m o d | cr cnu||||||||170712s2017 sp ob 000 0 spa d z9788416482399 a9781512941104 (e book) a(MiAaPQ)EBC4870201 a(Au-PeEL)EBL4870201 a(CaPaEBR)ebr11392320 a(OCoLC)1105880078 aFINmELBbspaerdacFINmELB 4aHF5438.4bA6812 2017 a658.80 a658.812231 aArenal Laza, Carmen.10aTécnicas de venta :bUF0031 /cCarmen Arenal Laza. 1aEspaña :bEditorial Tutor Formación,c2017. a1 recurso en línea (154 páginas) atextobtxt2rdacontent/spa acomputadorabc2rdamedia/spa arecurso en líneabcr2rdacarrier/spa aContiene bibliografía. aDescripción basada en recurso en línea; Título de la página del título en PDF (e-libro, visto July 12, 2017). aRecurso electronico. Santa Fe, Arg. : e-libro, 2016. Disponible via World Wide Web. El acceso puede ser limitado para las bibliotecas afiliadas a e-libro. 0aSales management. 4aVenta. 4aGestión. 4aLibros electrónicos.2 ae-libro, Corp.40uhttps://elibro.net/ereader/politecnicointernacional/44231 c30106d30106